Catálogo público

Simulación de fotosintesis foliar en tomate bajo invernadero mediante modelos teóricos y mediciones de fitomonitoreo (Record no. 100402)

MARC details
000 -CABECERA
campo de control de longitud fija 03264nam a2200457 a 4500
003 - IDENTIFICADOR DEL NÚMERO DE CONTROL
campo de control CHAP
005 - FECHA Y HORA DE LA ÚLTIMA TRANSACCIÓN
campo de control 20250129094008.0
007 - CAMPO FIJO DE DESCRIPCIÓN FÍSICA--INFORMACIÓN GENERAL
campo de control de longitud fija cr ||||||a|c|a
008 - DATOS DE LONGITUD FIJA--INFORMACIÓN GENERAL
campo de control de longitud fija 110202s2011 mx r 00010 spa d
035 ## - NÚMERO DE CONTROL DEL SISTEMA
Número de control de sistema 112062
040 ## - FUENTE DE LA CATALOGACIÓN
Centro/agencia transcriptor CHAP
090 ## - LOCALMENTE ASIGNADO TIPO-LC NÚMERO DE CLASIFICACIÓN (OCLC); NÚMERO DE CLASIFICACIÓN LOCAL (RLIN)
Número de clasificación (OCLC) (R) ; Numero de clasificación, CALL (RLIN) (NR) Tesis
100 1# - ENTRADA PRINCIPAL--NOMBRE DE PERSONA
Nombre de persona Vargas Sállago, José Manuel.
9 (RLIN) 118097
245 10 - MENCIÓN DE TÍTULO
Título Simulación de fotosintesis foliar en tomate bajo invernadero mediante modelos teóricos y mediciones de fitomonitoreo
Mención de responsabilidad, etc. /por José Manuel Vargas Sállago; director de tesis Irineo Lorenzo López Cruz.
264 #1 - PRODUCCIÓN, PUBLICACIÓN, DISTRIBUCIÓN, FABRICACIÓN Y COPYRIGHT
Producción, publicación, distribución, fabricación y copyright Chapingo, Méx. :
Nombre del de productor, editor, distribuidor, fabricante El autor,
Fecha de producción, publicación, distribución, fabricación o copyright 2011.
300 ## - DESCRIPCIÓN FÍSICA
Extensión 1 recurso en línea (174 páginas) :
Otras características físicas cuadros, figuras.
336 ## - TIPO DE CONTENIDO
Fuente rdacontent
Término de tipo de contenido texto
Código de tipo de contenido txt
337 ## - TIPO DE MEDIO
Fuente rdamedia
Nombre/término del tipo de medio computadora
Código del tipo de medio c
338 ## - TIPO DE SOPORTE
Fuente rdacarrier
Nombre/término del tipo de soporte recursos en línea
Código del tipo de soporte cr
502 ## - NOTA DE TESIS
Tipo de título Maestría en Ingeniería Agrícola y Uso Integral del Agua
Nombre de la institución que otorga el título Departamento de Ingeniería Mecánica Agrícola,
-- Departamento de Irrigación,
Año de obtención del título 2011.
Información miscelánea Maestría
520 ## - SUMARIO, ETC.
Sumario, etc. Se simuló la tasa de fotosíntesis foliar de plantas de tomate, cultivadas bajo invernadero, empleando el modelo mecanicista de Goudriaan y dos modelos de caja negra: Modelos Auto-regresivos de Variables Exógenas (ARX) y Redes Neuronales Artificiales (ANN). Las mediciones de las tasas de fotosíntesis foliar, se realizaron en tres diferentes invernaderos experimentales, uno localizado en la Universidad Autónoma de Querétaro, México y dos en la Universidad Humboldt de Berlín, Alemania. Se usó el Fitomonitor PTM-48M (Daletown Company Ltd.) para el registro del intercambio de dióxido de carbono (CO2 ) de las hojas. Además, se midieron también la temperatura del aire, humedad relativa, radiación fotosintéticamente activa (PAR), concentración de CO2 y déficit de presión de vapor (VPD). Estas variables meteorológicas fueron usadas como entradas de los modelos ARX y de los modelos de redes neuronales de retropropagación. El modelo mecanicista reportó errores de 6.7%, 12.6% y 13.7% entre los valores resultantes de las simulaciones contra los valores medidos, para los tres invernaderos respectivamente. Las Redes Neuronales tuvieron errores de 4.6%, 4.7% y 5.6%. Por el contrario, el mejor modelo ARX presentó una R2 apenas superior al 50%. Tomando los resultados de los mejores modelos (ANN) se realizó una optimización estática, relacionando dos variables climáticas con la tasa de fotosíntesis (mediante gráficas 3D) a fin de encontrar estrategias para maximizar esta última variable.
650 14 - PUNTO DE ACCESO ADICIONAL DE MATERIA--TÉRMINO DE MATERIA
Término de materia o nombre geográfico como elemento de entrada Cultivos en invernadero.
9 (RLIN) 30376
650 14 - PUNTO DE ACCESO ADICIONAL DE MATERIA--TÉRMINO DE MATERIA
Término de materia o nombre geográfico como elemento de entrada Fotosíntesis
Subdivisión general Simulación.
9 (RLIN) 42742
650 14 - PUNTO DE ACCESO ADICIONAL DE MATERIA--TÉRMINO DE MATERIA
Término de materia o nombre geográfico como elemento de entrada Modelos de simulación.
9 (RLIN) 76415
650 14 - PUNTO DE ACCESO ADICIONAL DE MATERIA--TÉRMINO DE MATERIA
Término de materia o nombre geográfico como elemento de entrada Tomate.
9 (RLIN) 113672
700 1# - PUNTO DE ACCESO ADICIONAL--NOMBRE DE PERSONA
Nombre de persona López Cruz, Irineo Lorenzo
9 (RLIN) 67795
Término indicativo de función/relación Director de tesis.
856 ## - LOCALIZACIÓN Y ACCESO ELECTRÓNICOS
Identificador Uniforme del Recurso http://10.13.5.2/tesis/112062.pdf
Nota pública DESCARGAR PDF
942 ## - ELEMENTOS DE PUNTO DE ACCESO ADICIONAL (KOHA)
Tipo de ítem Koha Tesis digital
Fuente del sistema de clasificación o colocación Clasificación Universidad Autónoma Chapingo
590 ## - NOTA LOCAL (RLIN)
Nota local ALEPH
Procedencia (VM) [OBSOLETO] 10
Condición del los carretes individuales (VM) [OBSOLETO] 20130110
590 ## - NOTA LOCAL (RLIN)
Nota local BATCH-UPD
Procedencia (VM) [OBSOLETO] 10
Condición del los carretes individuales (VM) [OBSOLETO] 20130110
590 ## - NOTA LOCAL (RLIN)
Nota local BATCH-UPD
Procedencia (VM) [OBSOLETO] 10
Condición del los carretes individuales (VM) [OBSOLETO] 20130410
590 ## - NOTA LOCAL (RLIN)
Nota local BATCH-UPD
Procedencia (VM) [OBSOLETO] 10
Condición del los carretes individuales (VM) [OBSOLETO] 20130914
590 ## - NOTA LOCAL (RLIN)
Nota local BATCH-UPD
Procedencia (VM) [OBSOLETO] 10
Condición del los carretes individuales (VM) [OBSOLETO] 20140324
590 ## - NOTA LOCAL (RLIN)
Nota local BATCH-UPD
Procedencia (VM) [OBSOLETO] 10
Condición del los carretes individuales (VM) [OBSOLETO] 20141002
590 ## - NOTA LOCAL (RLIN)
Nota local CONVERSION
Procedencia (VM) [OBSOLETO] 10
Condición del los carretes individuales (VM) [OBSOLETO] 20130109
901 ## - ELEMENTOS DE DATOS A LOCAL LDA (RLIN)
a BK
949 ## - PROCESAMIENTO DE INFORMACIÓN LOCAL (OCLC)
a Tesis
b BC
c TES
d 33724002232330
e TS1
g DonaciØn
h 51885
i 112062
s t
949 ## - PROCESAMIENTO DE INFORMACIÓN LOCAL (OCLC)
a Tesis
b BC
c TES
d 33724002232371
e TS2
f c.2
g DonaciØn
h 51886
i 112062
s t
Holdings
Estado de retiro Estado de pérdida Fuente del sistema de clasificación o colocación Estado dañado Restricciones de uso No para préstamo Código de colección Localización permanente Ubicación/localización actual Ubicación en estantería Fecha de adquisición Total de préstamos Signatura topográfica completa Fecha visto por última vez Precio válido a partir de Tipo de ítem Koha
    Clasificación Universidad Autónoma de Chapingo   Préstamo interno   Tesis digitales de Maestría Biblioteca Digital Biblioteca Digital En línea 31/12/2019   Tesis digital 31/12/2019 31/12/2019 Tesis digital